000 00405nam a2200145Ia 4500
008 230128s9999 xx 000 0 und d
041 _aeng
082 _aGAI PR0425
_bGAI
100 _aGaikwad Dhanashree (2K91125)
_9118919
245 _aRetail Lending With Specific Reference to Housing Loan
260 _c2011
_bPune University
_aPune
300 _a71p
502 _cGhate Madhuri
999 _c97217
_d97217